El arte de la guerra en la justicia administrativa: estrategia, táctica y habilidades para guerreros con toga
Zapisane w:
| 1. autor: | |
|---|---|
| Format: | Nieznany |
| Język: | angielski hiszpański |
| Wydane: |
Madrid
Wolters Kluwer
2018
|
| Wydanie: | Primera edición |
| Hasła przedmiotowe: | |
| Etykiety: |
Dodaj etykietę
Nie ma etykietki, Dołącz pierwszą etykiete!
|
MARC
| LEADER | 00000 a2200000 4500 | ||
|---|---|---|---|
| 003 | CL-VaPUC | ||
| 005 | 20210312001427.0 | ||
| 008 | 200102b ||||| |||| 00| 0 eng d | ||
| 999 | |c 375968 |d 375966 | ||
| 020 | |a 9788415651789 | ||
| 040 | |c Pontificia Universidad Católica de Valparaíso | ||
| 041 | 0 | |a spa | |
| 082 | |a 342.066 CHA 2018 | ||
| 100 | 1 | |a Chaves García, José Ramón |9 604909 | |
| 245 | 1 | 3 | |a El arte de la guerra en la justicia administrativa: |b estrategia, táctica y habilidades para guerreros con toga |
| 250 | |a Primera edición | ||
| 260 | 3 | |b Wolters Kluwer |c 2018 |a Madrid | |
| 300 | |a 402 p | ||
| 505 | 0 | |a I. La mejor victoria es vencer sin combatir. II. Buenos generales hacen dignas victorias. III. Mantener la armonía entre pueblo y gobernante IV. Conocer las fuerzas y debilidades del enemigo. V. Conocer el terreno. VI. Reflexionar y evaluar. VII. Elegancia y cortesía. VIII. Planificación estratégica. IX. Organizar tropas y armas. X. Maniobrar con audacia sin olvidar la prudencia. XI. Cuidar la retaguardia. XII. El engaño justificado como aliado. XIII. La mejor defensa puede ser la zancadilla o la retirada. XIV. El fin de la guerra escribe la paz con reglones torcidos. XV. Saborear las victorias y aprender de las derrotas. Conclusión: el camino del guerrero togado. | |
| 583 | |k Hugo Gaete |c 20200102 | ||
| 650 | 0 | 0 | |a Derecho administrativo |9 254851 |
| 650 | 0 | 0 | |a CONTENCIOSO ADMINISTRATIVO |9 255490 |
| 650 | 0 | 0 | |a JUSTICIA ADMINISTRATIVA |9 254852 |
| 942 | |2 ddc |c BK | ||
| 952 | |0 0 |1 0 |2 ddc |4 0 |6 342_066000000000000_CHA_2018 |7 0 |9 495159 |a BIBDER |b BIBDER |d 2019-12-26 |e 36 |g 27893.00 |i 5570670 |o 342.066 CHA 2018 |p 5570670 |r 2023-01-25 |t 1 |v 27893.00 |w 2019-12-26 |y BK |k DER | ||